Sulphated rubber wood cellulose nanocrystals as steric stabilizer for the synthesis of monodispersed magnetite nanoparticles: A study on the tuning of hydrogen bonding (Record no. 75697)

MARC details
000 -LEADER
fixed length control field 00862nam a22001937a 4500
100 ## - MAIN ENTRY--AUTHOR NAME
Personal name Omorogbe, S.O.
245 ## - TITLE STATEMENT
Title Sulphated rubber wood cellulose nanocrystals as steric stabilizer for the synthesis of monodispersed magnetite nanoparticles: A study on the tuning of hydrogen bonding
260 ## - PUBLICATION, DISTRIBUTION, ETC. (IMPRINT)
Name of publisher Natural Rubber Industry: An Asset for Socio-economic development and preservation of the Environment: Proceedings of the International Rubber Conference, IRC 2018, 22-23 October 2018, International Rubber Research and Development Board, Abidjan, Cote D' Ivoire, pp. 148-158.
650 ## - SUBJECT ADDED ENTRY--TOPICAL TERM
Topical Term Cellulose nanocrystals
650 ## - SUBJECT ADDED ENTRY--TOPICAL TERM
Topical Term Fe3O4
650 ## - SUBJECT ADDED ENTRY--TOPICAL TERM
Topical Term Steric stabilizer
650 ## - SUBJECT ADDED ENTRY--TOPICAL TERM
Topical Term Hydrogen bonding
700 ## - ADDED ENTRY--PERSONAL NAME
Personal name Ikhuoria, E.U.
700 ## - ADDED ENTRY--PERSONAL NAME
Personal name Aigbodion, A.I.
700 ## - ADDED ENTRY--PERSONAL NAME
Personal name Agbonlahorb, O.G.
700 ## - ADDED ENTRY--PERSONAL NAME
Personal name Pillaic, S.
942 ## - ADDED ENTRY ELEMENTS (KOHA)
Koha item type Articles
Holdings
Withdrawn status Lost status Damaged status Not for loan Home library Current library Date acquired Koha item type
        RRII Library RRII Library 28/10/2025 Articles